00485 a2200169 450000100060000002000150000604000220002110000240004324000380006724500330010530000080013836200090014665000230015594200070017895201130018599900170029856937 a8527903628 cAnchieta - Pituba aMichi, Simone M. P.10aRazanique e o livro de magialpor10aRazanique e o livro de magia a2560 a2004 4aLiteratura juvenil cBK 00104070a91.1b91.1d2023-11-21l0oLJ 028.5 M624r MIC RAZp6689/PITr2023-11-21 18:24:31w2023-11-21yBK c56937d56937